00603nam a2200193Ia 4500003000900000008004100009020002200050040001600072080002300088100001900111245014000130260002900270300001600299650001300315650001900328650001700347650002400364700002100388IN-BaIIA211028s9999 xx 000 0 eng d a978-1-4939-1534-7 cIIA Library a52(082.1)bASS-410 aWestfall, John 0aCelestial shadowsbeclipses, transits and occultationscJohn Westfall and William Sheehan  aNew YorkbSpringerc2015 axxiv, 713p. aEclipses aLunar eclipses aOccultations aScience - astronomy aSheehan, William